[Event "Titled Tuesday intern op 3rd Jan"]
[Site "Chess.com INT"]
[Date "2019.12.03"]
[Round "5"]
[White "Kireev, Aleksei"]
[Black "Nguyen, Thanh Thuy Tien"]
[Result "0-1"]
[WhiteElo "2351"]
[BlackElo "1977"]
[PlyCount "80"]
[EventDate "2019.12.03"]
[EventType "swiss (blitz)"]
[EventRounds "10"]
[EventCountry "USA"]
[SourceTitle "EXT 2021"]
[Source "ChessBase"]
[SourceDate "2020.10.23"]
[SourceVersion "1"]
[SourceVersionDate "2020.10.23"]
[SourceQuality "1"]

1. g3 Nf6 2. Bg2 d5 3. d3 g6 4. e4 dxe4 5. dxe4 Qxd1+ 6. Kxd1 e5 7. f3 h5 8. h4 Be6 9. Bh3 Bc4 10. Nd2 Bb5 11. a4 Bc6 12. Nc4 Nbd7 13. c3 Bc5 14. Ke2 b5 15. Na5 Nb8 16. Nxc6 Nxc6 17. axb5 Ne7 18. b4 Bb6 19. Be3 0-0 20. c4 Bd4 21. Bxd4 exd4 22. e5 Ne8 23. f4 Ng7 24. Bg2 Rae8 25. Rxa7 f6 26. Nf3 Nef5 27. Kf2 Ne3 28. exf6 Ng4+ 29. Kf1 Nf5 30. Rh3 Nfe3+ 31. Kg1 Nxg2 32. Kxg2 Re2+ 33. Kg1 d3 34. Ra1 d2 35. Rh1 Rfe8 36. Rd1 Re1+ 37. Kg2 Ne3+ 38. Kh3 Nxd1 39. Nxe1 Rxe1 40. Rxe1 dxe1Q 0-1

[Event "Titled Tuesday intern op 3rd Jan"]
[Site "Chess.com INT"]
[Date "2019.12.03"]
[Round "1"]
[White "Naroditsky, Daniel"]
[Black "Kireev, Aleksei"]
[Result "0-1"]
[WhiteElo "2622"]
[BlackElo "2351"]
[PlyCount "77"]
[EventDate "2019.12.03"]
[EventType "swiss (blitz)"]
[EventRounds "10"]
[EventCountry "USA"]
[SourceTitle "EXT 2021"]
[Source "ChessBase"]
[SourceDate "2020.10.23"]
[SourceVersion "1"]
[SourceVersionDate "2020.10.23"]
[SourceQuality "1"]

1. Nf3 d6 2. d4 g6 3. e4 Bg7 4. Nc3 c6 5. Be3 e5 6. Bc4 Qe7 7. a4 Nd7 8. 0-0 f6 9. Qd2 Qf8 10. Rfd1 Bh6 11. Bxg8 Bxe3 12. fxe3 Rxg8 13. a5 Qe7 14. a6 b6 15. Qd3 Kf8 16. Qc4 Nb8 17. Rd2 Kg7 18. d5 c5 19. Rf2 Rf8 20. Ne1 Bd7 21. b4 Qe8 22. b5 Bc8 23. Nd3 Nd7 24. Raf1 Qe7 25. Nb2 Rf7 26. Qd3 Nf8 27. Nc4 Bd7 28. Ne2 h5 29. Nc3 Nh7 30. Qe2 Ng5 31. Nd2 Nh7 32. Nf3 Bg4 33. h3 Bxf3 34. gxf3 f5 35. Kh2 f4 36. exf4 exf4 37. Qe3 fxe3 38. Rg2 Qe5+ 39. f4 0-1

[Event "Titled Tuesday intern op 1st Oct"]
[Site "Chess.com INT"]
[Date "2019.10.01"]
[Round "2"]
[White "Kireev, Aleksei"]
[Black "Seliverstov, Vladimir"]
[Result "0-1"]
[WhiteElo "2351"]
[BlackElo "2462"]
[PlyCount "98"]
[EventDate "2019.10.01"]
[EventType "swiss (blitz)"]
[EventRounds "10"]
[EventCountry "USA"]
[SourceTitle "EXT 2021"]
[Source "ChessBase"]
[SourceDate "2020.10.23"]
[SourceVersion "1"]
[SourceVersionDate "2020.10.23"]
[SourceQuality "1"]

1. g3 Nf6 2. Bg2 e5 3. d3 d5 4. e4 c6 5. c3 Bd6 6. Nd2 0-0 7. Nh3 Na6 8. f3 Nc5 9. Nf2 a5 10. 0-0 Re8 11. Qc2 a4 12. Re1 b6 13. Bh3 Ba6 14. Bf1 Ne6 15. Be2 Qd7 16. Nf1 d4 17. c4 b5 18. b3 Bb4 19. Bd2 Bxd2 20. Nxd2 axb3 21. axb3 Qd6 22. Rec1 Bb7 23. c5 Qxc5 24. Rxa8 Rxa8 25. Qxc5 Nxc5 26. Rxc5 Ra2 27. Rxe5 Rxd2 28. Kf1 Kf8 29. f4 Nd7 30. Rh5 h6 31. Ke1 Rb2 32. Bd1 Ke7 33. Ng4 f6 34. e5 Bc8 35. exf6+ Nxf6 36. Nxf6 Kxf6 37. Rc5 Bd7 38. h4 Ke7 39. h5 Kd6 40. Re5 Be6 41. Re2 Rb1 42. Kd2 Bxb3 43. Bxb3 Rxb3 44. Re4 c5 45. Re8 Rb2+ 46. Kd1 Rg2 47. Rb8 Kc6 48. Rc8+ Kb6 49. Rb8+ Ka5 0-1

[Event "Titled Tuesday intern op 4th Dec"]
[Site "Chess.com INT"]
[Date "2018.12.04"]
[Round "1"]
[White "Mikaelyan, Arman"]
[Black "Kireev, Aleksei"]
[Result "1/2-1/2"]
[WhiteElo "2474"]
[BlackElo "2351"]
[PlyCount "172"]
[EventDate "2018.12.04"]
[EventType "swiss (blitz)"]
[EventRounds "10"]
[EventCountry "USA"]
[SourceTitle "EXT 2021"]
[Source "ChessBase"]
[SourceDate "2020.10.23"]
[SourceVersion "1"]
[SourceVersionDate "2020.10.23"]
[SourceQuality "1"]

1. e4 d6 2. d4 g6 3. Nc3 c6 4. Be3 e5 5. dxe5 dxe5 6. Qxd8+ Kxd8 7. 0-0-0+ Nd7 8. Bc4 f6 9. a4 a5 10. Nge2 Bh6 11. Bxh6 Nxh6 12. Rd6 Ke7 13. Re6+ Kf8 14. Rd1 Nf7 15. Ba2 Nd8 16. Red6 Ke7 17. f4 exf4 18. Nxf4 Nb6 19. h3 Nf7 20. Bxf7 Kxf7 21. b3 Ke7 22. R6d2 Bd7 23. Nd3 Rad8 24. e5 f5 25. Nc5 Bc8 26. Rd6 Rhe8 27. Ne2 Rxd6 28. exd6+ Kd8 29. Nf4 Re5 30. Ncd3 Re4 31. g3 Nd7 32. Kd2 b6 33. Re1 Rxe1 34. Kxe1 Nf6 35. Ne5 Bd7 36. Nc4 b5 37. axb5 cxb5 38. Nxa5 Ne4 39. c4 Nxd6 40. c5 Ne4 41. c6 Bc8 42. Nd5 Nxg3 43. b4 Ne4 44. Ke2 Ke8 45. Ke3 Be6 46. Nc7+ Ke7 47. Nb7 Nf6 48. Nxb5 Bd5 49. Na5 Be4 50. c7 Kd7 51. Kd4 Nd5 52. c8Q+ Kxc8 53. Nd6+ Kd7 54. Nxe4 Nxb4 55. Nf6+ Ke7 56. Nxh7 Nc2+ 57. Ke5 Ne1 58. Ng5 Nd3+ 59. Kd4 Nf4 60. h4 Ng2 61. Nf3 Kf6 62. Nc4 Nxh4 63. Nxh4 g5 64. Ng2 f4 65. Ke4 Ke6 66. Nd2 Kf6 67. Nf1 Ke6 68. Nh2 f3 69. Kxf3 g4+ 70. Kg3 Kf5 71. Nf4 Ke4 72. Nf1 Kf5 73. Ne3+ Ke4 74. Neg2 Kf5 75. Ne2 Ke4 76. Nh4 Ke3 77. Nf4 Ke4 78. Nfg2 Ke5 79. Ng6+ Ke4 80. N2h4 Kd4 81. Ne7 Ke4 82. Nhf5 Ke5 83. Kf2 g3+ 84. Kg2 Ke6 85. Kxg3 Kf6 86. Kf4 Ke6 1/2-1/2

[Event "Titled Tuesday intern op 7th Aug"]
[Site "Chess.com INT"]
[Date "2018.08.07"]
[Round "1"]
[White "Forster, William"]
[Black "Kireev, Aleksei"]
[Result "0-1"]
[WhiteElo "1849"]
[BlackElo "2351"]
[PlyCount "96"]
[EventDate "2018.08.07"]
[EventType "swiss (blitz)"]
[EventRounds "10"]
[EventCountry "USA"]
[SourceTitle "EXT 2021"]
[Source "ChessBase"]
[SourceDate "2020.10.23"]
[SourceVersion "1"]
[SourceVersionDate "2020.10.23"]
[SourceQuality "1"]

1. d4 d6 2. e4 g6 3. Nc3 c6 4. Be3 e5 5. Nf3 Bg7 6. h3 f6 7. Be2 Nd7 8. 0-0 Nh6 9. Qd2 Nf7 10. Rfd1 Qe7 11. Bf1 0-0 12. Re1 Re8 13. Rad1 Nb6 14. b3 Qf8 15. Nb1 Bh6 16. c4 Bxe3 17. Qxe3 Qh6 18. Nc3 Qxe3 19. Rxe3 Kf8 20. Red3 Ke7 21. c5 dxc5 22. dxc5 Nd7 23. b4 a5 24. a3 axb4 25. axb4 Nf8 26. Be2 Be6 27. h4 h5 28. g3 Red8 29. Rxd8 Nxd8 30. Ne1 Ra3 31. Rd3 Rb3 32. Bd1 Rxb4 33. Nc2 Rc4 34. Ne3 Rxc5 35. Kg2 Nd7 36. Na4 Ra5 37. Nc3 b5 38. Bc2 Nb7 39. Nb1 Nd6 40. f3 Nc4 41. Rc3 Nxe3+ 42. Rxe3 Ra2 43. Re2 Bc4 44. Rd2 Nc5 45. Kf2 b4 46. Ke3 b3 47. Bd1 Ra1 48. Rb2 Na4 0-1

[Event "Titled Tuesday intern op 1st Aug"]
[Site "Chess.com INT"]
[Date "2017.08.01"]
[Round "2"]
[White "Kireev, Aleksei"]
[Black "Bryant, John Daniel"]
[Result "0-1"]
[WhiteElo "2351"]
[BlackElo "2428"]
[PlyCount "114"]
[EventDate "2017.08.01"]
[EventType "swiss (blitz)"]
[EventRounds "10"]
[EventCountry "USA"]
[SourceTitle "EXT 2021"]
[Source "ChessBase"]
[SourceDate "2020.10.23"]
[SourceVersion "1"]
[SourceVersionDate "2020.10.23"]
[SourceQuality "1"]

1. d4 Nf6 2. Bg5 e6 3. e3 c5 4. c3 Be7 5. Nd2 cxd4 6. cxd4 b6 7. Rc1 Bb7 8. Ngf3 Nc6 9. Bd3 Nb4 10. Bb1 Ba6 11. Bxf6 gxf6 12. Ne4 Rc8 13. Rxc8 Qxc8 14. a3 Nd5 15. Qc2 Qb7 16. Qd2 f5 17. Nc3 Nxc3 18. Qxc3 0-0 19. Bd3 Rc8 20. Bxa6 Rxc3 21. Bxb7 Rc1+ 22. Kd2 Rxh1 23. Bc8 d6 24. d5 exd5 25. Bxf5 Bf6 26. b3 Ra1 27. a4 Rf1 28. Ke2 Ra1 29. Kd2 h6 30. g3 Kf8 31. h4 Ke7 32. Bc2 a6 33. Bd3 Ra2+ 34. Bc2 b5 35. axb5 axb5 36. Nd4 Bxd4 37. exd4 b4 38. Kc1 Ra1+ 39. Bb1 Ra8 40. Kd2 Rc8 41. Bc2 Rc3 42. Bd1 f5 43. Ke2 Kf6 44. Kd2 f4 45. g4 Rh3 46. h5 Kg5 47. f3 Rh2+ 48. Be2 Kh4 49. Kd3 Kg3 50. Bd1 Kf2 51. Kd2 Kf1+ 52. Kc1 Ke1 53. Bc2 Kf2 54. Bd1 Ke3 55. Kb1 Kxd4 56. Bc2 Kc3 57. Bf5 d4 0-1

[Event "Titled Tuesday intern Qual1 4th April"]
[Site "Chess.com INT"]
[Date "2017.04.04"]
[Round "4"]
[White "Dubov, Daniil"]
[Black "Kireev, Aleksei"]
[Result "1-0"]
[WhiteElo "2660"]
[BlackElo "2351"]
[PlyCount "53"]
[EventDate "2017.04.04"]
[EventType "swiss (blitz)"]
[EventRounds "10"]
[EventCountry "USA"]
[SourceTitle "EXT 2021"]
[Source "ChessBase"]
[SourceDate "2020.10.23"]
[SourceVersion "1"]
[SourceVersionDate "2020.10.23"]
[SourceQuality "1"]

1. c4 d6 2. Nc3 g6 3. g3 Bg7 4. Bg2 c6 5. d4 e5 6. Nf3 f6 7. 0-0 Nh6 8. b4 Nf7 9. c5 dxc5 10. bxc5 exd4 11. Nxd4 0-0 12. e3 Na6 13. Ba3 Qa5 14. Qb3 f5 15. Rac1 Re8 16. Nce2 Bf8 17. Nf4 Bxc5 18. Bb2 Qb4 19. Qc2 Bf8 20. Nxc6 bxc6 21. Bxc6 Bb7 22. Nd5 Bxc6 23. Nf6+ Kg7 24. Nxe8+ Kh6 25. Qxc6 Qxb2 26. Qxa8 Ng5 27. Nc7 1-0

[Event "Titled Tuesday intern op 7th March"]
[Site "Chess.com INT"]
[Date "2017.03.07"]
[Round "3"]
[White "Valderrama Quiceno, Esteban Alberto"]
[Black "Kireev, Aleksei"]
[Result "1-0"]
[WhiteElo "2428"]
[BlackElo "2351"]
[PlyCount "115"]
[EventDate "2017.03.07"]
[EventType "swiss (blitz)"]
[EventRounds "11"]
[EventCountry "USA"]
[SourceTitle "EXT 2021"]
[Source "ChessBase"]
[SourceDate "2020.10.23"]
[SourceVersion "1"]
[SourceVersionDate "2020.10.23"]
[SourceQuality "1"]

1. Nf3 d6 2. d4 g6 3. e4 Bg7 4. h3 e5 5. c3 Nd7 6. Bc4 f6 7. Qb3 Nh6 8. Be3 Nb6 9. Be2 Qe7 10. a4 Be6 11. d5 Bc8 12. a5 Nd7 13. Qc4 Nb8 14. Qb5+ Kf8 15. Nbd2 Nf7 16. b4 Bh6 17. 0-0 Bxe3 18. fxe3 Kg7 19. c4 c6 20. Qa4 c5 21. bxc5 dxc5 22. Rab1 Nd6 23. Qa3 Na6 24. Ne1 Qc7 25. Nd3 Rf8 26. Rb3 Bd7 27. Rfb1 Rfb8 28. Kh1 b6 29. axb6 axb6 30. Qb2 Nc8 31. Nf3 Kg8 32. Qc3 Rb7 33. Ra3 Rba7 34. Rba1 Nb8 35. Rxa7 Rxa7 36. Rf1 Be8 37. Nfxe5 fxe5 38. Nxe5 Qg7 39. Bg4 Bd7 40. Rf7 Qh6 41. Bxd7 Nxd7 42. Rxd7 Rxd7 43. Nxd7 Qg5 44. e5 Qf5 45. Nf6+ Kg7 46. Ng4 h5 47. e6+ Kh7 48. Nf6+ Kh6 49. Nd7 Nd6 50. h4 Kh7 51. Kg1 Ne4 52. Qc2 Kh6 53. Qb2 Kh7 54. Nxb6 Kh6 55. Nd7 Kh7 56. Qc2 Qg4 57. Qxe4 Qd1+ 58. Kh2 1-0

[Event "Titled Tuesday intern op 6th Dec 2pm"]
[Site "Chess.com INT"]
[Date "2017.01.03"]
[Round "6"]
[White "Holt, Conrad"]
[Black "Kireev, Aleksei"]
[Result "0-1"]
[WhiteElo "2567"]
[BlackElo "2351"]
[PlyCount "196"]
[EventDate "2017.12.06"]
[EventType "swiss (blitz)"]
[EventRounds "9"]
[EventCountry "USA"]
[SourceTitle "EXT 2021"]
[Source "ChessBase"]
[SourceDate "2020.10.23"]
[SourceVersion "1"]
[SourceVersionDate "2020.10.23"]
[SourceQuality "1"]

1. d4 d6 2. Nf3 g6 3. c4 Bg7 4. e4 e5 5. Nc3 c6 6. Be2 Nd7 7. 0-0 f6 8. b3 Nh6 9. Ba3 Nf7 10. Qd3 Qa5 11. Bb2 0-0 12. Rad1 Re8 13. a3 Qc7 14. b4 Bf8 15. d5 c5 16. Nb5 Qb6 17. Qb3 Be7 18. Nc3 Qc7 19. Ne1 b6 20. Nd3 Ba6 21. b5 Bc8 22. g3 a6 23. f4 axb5 24. Nxb5 Qd8 25. f5 Kg7 26. g4 Rh8 27. Kh1 Nf8 28. Rg1 Ba6 29. Nc3 g5 30. Nf2 Nd7 31. Rb1 Qc7 32. Nfd1 Bd8 33. Ne3 Kf8 34. Bc1 Ke7 35. Bd2 Qa7 36. a4 h6 37. Rb2 Qc7 38. Rgb1 Qc8 39. Kg2 Bc7 40. Rh1 Qg8 41. Ra2 Qg7 42. Nf1 Rab8 43. Ng3 Ra8 44. Nh5 Qf8 45. Rb1 Rg8 46. Bd3 Qd8 47. Rba1 Ra7 48. Nd1 Ra8 49. Ne3 Ra7 50. Nc2 Bc8 51. Na3 Ba6 52. Rh1 Qa8 53. Nb1 Qc8 54. Nc3 Qa8 55. h4 gxh4 56. Rxh4 Qd8 57. Ng3 Qf8 58. Ra1 Ng5 59. Rah1 Rh8 60. Nge2 Qg7 61. Ng3 Qg8 62. Nd1 Qg7 63. Ne3 Kd8 64. Bc2 Qf8 65. Nd1 Qg7 66. Nc3 Qf8 67. Nce2 Qg7 68. Ng1 Qf8 69. Nf3 Qg7 70. Nh5 Qf8 71. Kf2 Kc8 72. Ng3 Bd8 73. Nxg5 fxg5 74. R4h3 Nf6 75. Bd1 Qg7 76. Qc2 Kb8 77. Nf1 Ka8 78. Ne3 Bc8 79. Kf3 Bd7 80. Qa2 h5 81. R3h2 hxg4+ 82. Kg2 Rxh2+ 83. Rxh2 Nxe4 84. Bxg4 Rxa4 85. Qc2 Nf6 86. Bd1 Ra7 87. Qb1 g4 88. Rh1 e4 89. Qb2 Kb7 90. Nf1 Bxf5 91. Ng3 Bd7 92. Bc3 Qg6 93. Rh8 Be7 94. Bc2 Qg5 95. Qb1 Qe3 96. Qb2 Qf3+ 97. Kh2 Qf2+ 98. Kh1 Qxg3 0-1

[Event "Titled Tuesday intern op 6th Dec 2pm"]
[Site "Chess.com INT"]
[Date "2016.12.06"]
[Round "4"]
[White "Kireev, Aleksei"]
[Black "Lintchevski, Daniil"]
[Result "0-1"]
[WhiteElo "2351"]
[BlackElo "2518"]
[PlyCount "132"]
[EventDate "2016.12.06"]
[EventType "swiss (blitz)"]
[EventRounds "9"]
[EventCountry "USA"]
[SourceTitle "EXT 2021"]
[Source "ChessBase"]
[SourceDate "2020.10.23"]
[SourceVersion "1"]
[SourceVersionDate "2020.10.23"]
[SourceQuality "1"]

1. g3 c6 2. d3 d5 3. e4 dxe4 4. dxe4 Qxd1+ 5. Kxd1 g6 6. Bh3 Bxh3 7. Nxh3 Nd7 8. f3 0-0-0 9. Ke2 Bg7 10. c3 Nc5 11. Nf2 Ne6 12. Na3 Nf6 13. Be3 b6 14. Nc4 Nd7 15. a4 Kb7 16. Nd3 a6 17. Ra3 h5 18. h4 Nc7 19. Rb1 f5 20. e5 Nd5 21. f4 Nxe3 22. Kxe3 Bf8 23. b4 e6 24. Ra2 Be7 25. Rd2 Kc7 26. Ne1 b5 27. axb5 axb5 28. Na5 Nb6 29. Ke2 Nd5 30. Rd3 Rd7 31. Nf3 Rhd8 32. Ke1 Nb6 33. Rxd7+ Kxd7 34. Rd1+ Nd5 35. Rd3 Ra8 36. Nd4 Ra6 37. Ke2 Nxc3+ 38. Rxc3 Bxb4 39. Rxc6 Rxa5 40. Rb6 Bc5 41. Rxb5 Ra2+ 42. Kd3 Ra3+ 43. Nb3 Bf2 44. Ke2 Bxg3 45. Rb7+ Kc6 46. Rb4 Bxf4 47. Nd4+ Kd5 48. Nc2 Ra2 49. Kd3 Bxe5 50. Rb7 Kd6 51. Rb6+ Ke7 52. Rb7+ Kf6 53. Rb6 Rb2 54. Ra6 Rb3+ 55. Ke2 Rh3 56. Nb4 f4 57. Nd5+ Kf5 58. Ne7+ Kg4 59. Nxg6 f3+ 60. Ke3 Bh2 61. Ra5 Bg1+ 62. Ke4 Kg3 63. Rg5+ Kf2 64. Rxh5 Rg3 65. Nf4 Rg4 66. Ra5 Kg3 0-1

[Event "Titled Tuesday intern op 6th Dec 2pm"]
[Site "Chess.com INT"]
[Date "2016.12.06"]
[Round "6"]
[White "Kireev, Aleksei"]
[Black "Sethuraman, SP."]
[Result "1-0"]
[WhiteElo "2351"]
[BlackElo "2647"]
[PlyCount "97"]
[EventDate "2016.12.06"]
[EventType "swiss (blitz)"]
[EventRounds "9"]
[EventCountry "USA"]
[SourceTitle "EXT 2021"]
[Source "ChessBase"]
[SourceDate "2020.10.23"]
[SourceVersion "1"]
[SourceVersionDate "2020.10.23"]
[SourceQuality "1"]

1. g3 d5 2. d3 e5 3. e4 dxe4 4. dxe4 Qxd1+ 5. Kxd1 Nf6 6. f3 Nc6 7. Bh3 Bxh3 8. Nxh3 0-0-0+ 9. Nd2 Bc5 10. c3 Rd7 11. Ke2 Rhd8 12. b4 Bf8 13. Nf2 b5 14. a4 a6 15. axb5 axb5 16. Nb3 Kb7 17. Be3 Rb8 18. Nd3 Kc8 19. Ra6 Rd6 20. Bc5 Nd4+ 21. cxd4 Rxa6 22. Bxf8 Ra3 23. Nd2 exd4 24. Bxg7 Ne8 25. Bxd4 Nd6 26. Rc1 Ra2 27. Ke3 Rba8 28. Be5 Kd7 29. Bxd6 cxd6 30. f4 R8a3 31. h4 h5 32. g4 hxg4 33. h5 Rb2 34. h6 Rba2 35. Rg1 Ra8 36. Rxg4 Rh8 37. Rh4 Raa8 38. Nf3 Rag8 39. Nd4 Rg3+ 40. Ke2 Rg6 41. Nf5 Rg2+ 42. Ke3 Rg6 43. Kd4 Rh7 44. Rh1 Rg2 45. Ra1 Rh8 46. Ra7+ Ke6 47. Re7+ Kf6 48. Rd7 Kg6 49. Nh4+ 1-0

[Event "Titled Tuesday intern op 6th Dec 2pm"]
[Site "Chess.com INT"]
[Date "2016.12.06"]
[Round "5"]
[White "Sztokbant, Bernardo Vainzoff"]
[Black "Kireev, Aleksei"]
[Result "0-1"]
[WhiteElo "2172"]
[BlackElo "2351"]
[PlyCount "72"]
[EventDate "2016.12.06"]
[EventType "swiss (blitz)"]
[EventRounds "9"]
[EventCountry "USA"]
[SourceTitle "EXT 2021"]
[Source "ChessBase"]
[SourceDate "2020.10.23"]
[SourceVersion "1"]
[SourceVersionDate "2020.10.23"]
[SourceQuality "1"]

1. e4 d6 2. d4 g6 3. Nf3 c6 4. Nc3 Bg7 5. h3 e5 6. dxe5 dxe5 7. Qxd8+ Kxd8 8. Bc4 f6 9. Be3 Bh6 10. 0-0-0+ Ke7 11. Bxh6 Nxh6 12. Rd2 Nd7 13. Rhd1 b5 14. Bb3 a5 15. a4 b4 16. Ne2 Nc5 17. Ng3 Nxb3+ 18. cxb3 Be6 19. Kc2 Nf7 20. Nf1 Rhd8 21. Rxd8 Nxd8 22. Ne3 Nb7 23. Nd2 Nc5 24. f3 Rd8 25. Ndc4 Rxd1 26. Kxd1 Nxb3 27. Kc2 Nc5 28. Nxa5 b3+ 29. Kc1 Nxa4 30. Nxc6+ Kd6 31. Na5 Kc5 32. Nb7+ Kd4 33. Nd1 Bc4 34. Nd6 Bf1 35. g3 Be2 36. Nb5+ Bxb5 0-1

[Event "Titled Tuesday intern op1 6th Sept"]
[Site "Chess.com INT"]
[Date "2016.09.06"]
[Round "9"]
[White "Kireev, Aleksei"]
[Black "Kotepalli, Sai Nirupama"]
[Result "0-1"]
[WhiteElo "2351"]
[BlackElo "1944"]
[PlyCount "168"]
[EventDate "2016.09.06"]
[EventType "swiss (blitz)"]
[EventRounds "9"]
[EventCountry "USA"]
[SourceTitle "EXT 2021"]
[Source "ChessBase"]
[SourceDate "2020.10.23"]
[SourceVersion "1"]
[SourceVersionDate "2020.10.23"]
[SourceQuality "1"]

1. g3 Nc6 2. Bg2 d5 3. d3 Nf6 4. Nd2 g6 5. e4 dxe4 6. dxe4 Bg7 7. Nh3 Bg4 8. f3 Bc8 9. Nf2 0-0 10. 0-0 e5 11. c3 Be6 12. Bh3 Bxh3 13. Nxh3 Qe7 14. Qe2 Rad8 15. Nf2 Nd7 16. Nb3 Nb6 17. Be3 Rfe8 18. Rfd1 Nc8 19. Nc5 Nd6 20. Rd2 Na5 21. b3 f5 22. Rad1 Nc6 23. Kg2 Rf8 24. Nh3 b6 25. Na6 h6 26. exf5 Rxf5 27. Nf2 Rdf8 28. Rxd6 cxd6 29. Qc4+ Kh7 30. Qxc6 Rxf3 31. Re1 Qf7 32. Nd1 d5 33. Qb5 g5 34. Qe2 d4 35. cxd4 exd4 36. Bg1 d3 37. Qe4+ Kh8 38. Nb4 d2 39. Re2 Rf1 40. Rf2 Rxf2+ 41. Bxf2 Qf6 42. Qe2 Qd6 43. Nd3 Qd5+ 44. Kg1 Rd8 45. Nb4 Qd6 46. Nc2 Rc8 47. Nce3 Rc1 48. Kg2 Qc6+ 49. Qf3 Qxf3+ 50. Kxf3 Ra1 51. Ke2 Rxa2 52. Nc4 Bf8 53. Nxd2 Bb4 54. Be3 Ra3 55. Bd4+ Kh7 56. Bb2 Ra2 57. Kd3 Ba3 58. Bxa3 Rxa3 59. Kc2 Ra2+ 60. Kc3 Ra1 61. Nf2 Re1 62. Kd3 Kg6 63. Ng4 Rh1 64. Nf3 h5 65. Nf2 Rf1 66. Ke2 Rb1 67. Nd2 Rc1 68. h3 Rc3 69. g4 h4 70. b4 a5 71. bxa5 bxa5 72. Nf3 a4 73. Ne4 Rb3 74. Nc5 Rb2+ 75. Nd2 a3 76. Nd3 Rxd2+ 77. Kxd2 a2 78. Ke3 a1Q 79. Nf2 Qc3+ 80. Ke2 Kf7 81. Kf1 Ke6 82. Ke2 Ke5 83. Kf1 Qf3 84. Ke1 Kf4 0-1

[Event "Titled Tuesday intern op 2nd Aug"]
[Site "Chess.com INT"]
[Date "2016.08.02"]
[Round "2"]
[White "Kireev, Aleksei"]
[Black "Durden, Tyler"]
[Result "0-1"]
[WhiteElo "2351"]
[BlackElo "2468"]
[PlyCount "104"]
[EventDate "2016.08.02"]
[EventType "swiss (blitz)"]
[EventRounds "9"]
[EventCountry "USA"]
[SourceTitle "EXT 2021"]
[Source "ChessBase"]
[SourceDate "2020.10.23"]
[SourceVersion "1"]
[SourceVersionDate "2020.10.23"]
[SourceQuality "1"]

1. g3 Nf6 2. Bg2 d6 3. d3 g6 4. e4 Bg7 5. c3 0-0 6. Nh3 c6 7. f4 Nbd7 8. 0-0 e5 9. f5 Qb6+ 10. Kh1 d5 11. g4 dxe4 12. g5 gxf5 13. gxf6 Nxf6 14. dxe4 f4 15. Nf2 Be6 16. Qf3 Kh8 17. Bh3 Rad8 18. Bxe6 fxe6 19. Nd2 Qe3 20. Nd1 Qb6 21. Re1 Rf7 22. Nf2 Rfd7 23. Nb3 a5 24. Rb1 a4 25. Na1 Qb5 26. Nc2 Bh6 27. Na3 Qb6 28. b3 axb3 29. axb3 Qc7 30. Nc4 b5 31. Nb2 c5 32. c4 Bg5 33. Nbd3 bxc4 34. bxc4 Bh4 35. Qh3 Bxf2 36. Nxf2 Rg8 37. Bb2 Rd2 38. Rf1 Qd6 39. Rbd1 Rxd1 40. Nxd1 Nxe4 41. Qf3 Nd2 42. Qxf4 Qc6+ 43. Rf3 Qxf3+ 44. Qxf3 Nxf3 45. Bxe5+ Nxe5 46. Ne3 Rd8 47. Kg2 Rd3 48. Kf2 Rxe3 49. Kxe3 Nxc4+ 50. Ke4 Nb6 51. Ke5 c4 52. Kxe6 c3 0-1

[Event "Titled Tuesday intern op 2nd Aug"]
[Site "Chess.com INT"]
[Date "2016.08.02"]
[Round "1"]
[White "Perrine, Dalton"]
[Black "Kireev, Aleksei"]
[Result "1/2-1/2"]
[WhiteElo "2308"]
[BlackElo "2351"]
[PlyCount "103"]
[EventDate "2016.08.02"]
[EventType "swiss (blitz)"]
[EventRounds "9"]
[EventCountry "USA"]
[SourceTitle "EXT 2021"]
[Source "ChessBase"]
[SourceDate "2020.10.23"]
[SourceVersion "1"]
[SourceVersionDate "2020.10.23"]
[SourceQuality "1"]

1. d4 d6 2. Nf3 g6 3. g3 Bg7 4. Bg2 e5 5. 0-0 f6 6. e4 Nd7 7. b3 Nh6 8. Bb2 0-0 9. Nbd2 Nf7 10. Re1 Re8 11. Bh3 Qe7 12. d5 Nf8 13. Bxc8 Rexc8 14. Nh4 Nd7 15. b4 Rf8 16. Nb3 Ng5 17. Qd3 Nb6 18. a4 Qd7 19. a5 Nc8 20. f3 Ne7 21. c4 f5 22. Rf1 fxe4 23. fxe4 Qg4 24. Nd2 Nh3+ 25. Kg2 Nf4+ 26. Rxf4 exf4 27. Bxg7 Kxg7 28. Nhf3 fxg3 29. hxg3 Kg8 30. c5 Rf7 31. Rh1 Raf8 32. Rh4 Qd7 33. Qd4 Qb5 34. Kf2 dxc5 35. Qxc5 Qd3 36. Qe3 Qc2 37. Rf4 Rxf4 38. gxf4 Qb2 39. Qc5 Rf7 40. Kg3 b6 41. axb6 cxb6 42. Qd4 Qxd4 43. Nxd4 Nc8 44. e5 Rc7 45. Ne4 Rc4 46. Nf6+ Kf7 47. Nc6 Ne7 48. Nd8+ Kg7 49. Ne6+ Kf7 50. Nd8+ Kf8 51. Ne6+ Kf7 52. Nd8+ 1/2-1/2

[Event "Titled Tuesday intern op1 5th July"]
[Site "Chess.com INT"]
[Date "2016.07.05"]
[Round "5"]
[White "Eliseev, Evgeniy1"]
[Black "Kireev, Aleksei"]
[Result "0-1"]
[WhiteElo "1992"]
[BlackElo "2351"]
[PlyCount "110"]
[EventDate "2016.07.05"]
[EventType "swiss (blitz)"]
[EventRounds "9"]
[EventCountry "USA"]
[SourceTitle "EXT 2021"]
[Source "ChessBase"]
[SourceDate "2020.10.23"]
[SourceVersion "1"]
[SourceVersionDate "2020.10.23"]
[SourceQuality "1"]

1. d4 d6 2. Nf3 g6 3. e4 Bg7 4. Bd3 e5 5. c3 Nd7 6. 0-0 Ngf6 7. Re1 0-0 8. h3 Ne8 9. Nbd2 Qe7 10. a4 a5 11. Nc4 f6 12. b3 Kh8 13. Ba3 Ra7 14. Qd2 Ra8 15. Rad1 Ra7 16. Ne3 Nb6 17. dxe5 fxe5 18. c4 Be6 19. Nd5 Bxd5 20. cxd5 Nd7 21. Rc1 b6 22. Ng5 Bh6 23. h4 Nc5 24. Bc2 Nf6 25. Qe2 Bxg5 26. hxg5 Nh5 27. Qe3 Nf4 28. Qg3 Raa8 29. Re3 Nh5 30. Qh3 Qxg5 31. Bxc5 bxc5 32. Qd7 Qd8 33. Qxd8 Raxd8 34. g3 Nf6 35. Bd3 Ng4 36. Re2 Rf3 37. Bc4 Rdf8 38. Rcc2 Kg7 39. Kg2 h5 40. Rb2 g5 41. Bb5 Rc3 42. Bd7 Rff3 43. Be8 Kh6 44. Bc6 Rxb3 45. Rxb3 Rxb3 46. f3 Nf6 47. Rc2 g4 48. fxg4 hxg4 49. Re2 Nh5 50. Bd7 Rxg3+ 51. Kh2 Rh3+ 52. Kg2 Nf4+ 53. Kf1 Nxe2 54. Bxg4 Re3 55. Bxe2 Rxe4 0-1

[Event "Titled Tuesday intern op 5th July"]
[Site "Chess.com INT"]
[Date "2016.07.05"]
[Round "2"]
[White "Holt, Conrad"]
[Black "Kireev, Aleksei"]
[Result "1-0"]
[WhiteElo "2541"]
[BlackElo "2351"]
[PlyCount "105"]
[EventDate "2016.07.05"]
[EventType "swiss (blitz)"]
[EventRounds "9"]
[EventCountry "USA"]
[SourceTitle "EXT 2021"]
[Source "ChessBase"]
[SourceDate "2020.10.23"]
[SourceVersion "1"]
[SourceVersionDate "2020.10.23"]
[SourceQuality "1"]

1. d4 d6 2. Nf3 g6 3. c4 Bg7 4. e4 e5 5. Nc3 c6 6. Be2 Nd7 7. 0-0 f6 8. d5 c5 9. Ne1 Bh6 10. Nd3 Bxc1 11. Qxc1 Qe7 12. f4 exf4 13. Qxf4 Ne5 14. Nxe5 Qxe5 15. Nb5 Qxf4 16. Rxf4 Ke7 17. Raf1 a6 18. Nc3 Bd7 19. a3 b6 20. b4 cxb4 21. axb4 a5 22. b5 Rb8 23. Nd1 g5 24. R4f2 h5 25. Ne3 Rh6 26. g4 h4 27. Bd3 Rf8 28. Kg2 Rh8 29. Nf5+ Bxf5 30. exf5 Nh6 31. Re2+ Kd7 32. c5 bxc5 33. b6 Nxg4 34. Bb5+ Kd8 35. Re6 Rh7 36. Rxd6+ Kc8 37. Re1 Ne5 38. Rc1 c4 39. Ra1 Kb8 40. Rxa5 c3 41. Rc6 Rd8 42. Rxc3 Rxd5 43. Ba6 Rd2+ 44. Kf1 Rd8 45. Rac5 Rhh8 46. Rc7 Nd7 47. Rb7+ Ka8 48. Ra7+ Kb8 49. Rb7+ Ka8 50. Rcc7 Nxb6 51. Ra7+ Kb8 52. Rcb7+ Kc8 53. Rxb6# 1-0